[Event "Fagernes op"]
[Site "Fagernes"]
[Date "2020.10.09"]
[Round "7"]
[White "Melkevik, Johannes"]
[Black "Ostensen, Nicolai Maxime"]
[Result "1-0"]
[WhiteElo "1858"]
[BlackElo "1671"]
[PlyCount "145"]
[EventDate "2020.10.04"]
[EventType "swiss"]
[EventRounds "9"]
[EventCountry "NOR"]
[SourceTitle "EXT 2024"]
[Source "ChessBase"]
[SourceDate "2023.10.10"]
[SourceVersion "1"]
[SourceVersionDate "2023.10.10"]
[SourceQuality "1"]

1. e4 e5 2. Nf3 Nc6 3. Bb5 Nf6 4. d3 d6 5. c3 Be7 6. Nbd2 a6 7. Ba4 0-0 8. Nf1 b5 9. Bc2 d5 10. Ng3 dxe4 11. dxe4 Qxd1+ 12. Bxd1 h6 13. 0-0 Be6 14. Re1 Rfd8 15. h3 b4 16. Ba4 Bd7 17. Bxc6 Bxc6 18. Nxe5 Bb7 19. Nc4 a5 20. Bf4 bxc3 21. bxc3 Rd3 22. Rab1 Rxc3 23. Rxb7 Rxc4 24. Rxc7 Rxc7 25. Bxc7 Bb4 26. Rd1 Rc8 27. Rd8+ Rxd8 28. Bxd8 Nd7 29. Kf1 Nc5 30. Ke2 Ne6 31. Bb6 Nf4+ 32. Kf3 Nd3 33. Ne2 Ne1+ 34. Kg3 a4 35. f4 a3 36. Kf2 Kh7 37. g4 Kg6 38. Ke3 f6 39. Kd4 Bd6 40. Kc4 Nf3 41. Be3 Kf7 42. Nd4 Ne1 43. Nb5 Be7 44. Bc1 Nc2 45. Kb3 Nb4 46. Bxa3 Nd3 47. Bxe7 Kxe7 48. Nc3 Kd6 49. Nd5 Nc5+ 50. Kc4 Nxe4 51. Ne3 g6 52. a4 Kc6 53. h4 Nd2+ 54. Kd3 Nb3 55. Kc3 Nc5 56. a5 Kb5 57. Nc4 Kc6 58. Ne3 Ne4+ 59. Kd4 Nd2 60. h5 gxh5 61. gxh5 Nb3+ 62. Ke4 Kd6 63. Kf5 Nxa5 64. Kxf6 Nb7 65. Nf5+ Kd7 66. Nxh6 Ke8 67. Kg7 Nd6 68. f5 Ne4 69. f6 Nxf6 70. Kxf6 Kf8 71. Kg6 Ke7 72. Kg7 Ke6 73. Nf5 1-0

[Event "Fagernes op"]
[Site "Fagernes"]
[Date "2020.10.08"]
[Round "6"]
[White "Ihlen, Sivert"]
[Black "Melkevik, Johannes"]
[Result "1-0"]
[WhiteElo "1871"]
[BlackElo "1858"]
[PlyCount "39"]
[EventDate "2020.10.04"]
[EventType "swiss"]
[EventRounds "9"]
[EventCountry "NOR"]
[SourceTitle "EXT 2024"]
[Source "ChessBase"]
[SourceDate "2023.10.10"]
[SourceVersion "1"]
[SourceVersionDate "2023.10.10"]
[SourceQuality "1"]

1. e4 c5 2. Nf3 e6 3. d4 cxd4 4. Nxd4 Nc6 5. Nc3 Qc7 6. Be3 a6 7. Qf3 Ne5 8. Qg3 h5 9. h4 b5 10. a3 Bb7 11. Bxb5 axb5 12. Ndxb5 Qb8 13. Bb6 Ng6 14. Nc7+ Ke7 15. 0-0-0 e5 16. Qd3 Kf6 17. N3d5+ Bxd5 18. Nxd5+ Ke6 19. Qh3+ Kd6 20. Bc7+ 1-0

[Event "Fagernes op"]
[Site "Fagernes"]
[Date "2020.10.06"]
[Round "4"]
[White "Lye, Sverre"]
[Black "Melkevik, Johannes"]
[Result "1/2-1/2"]
[WhiteElo "1799"]
[BlackElo "1858"]
[PlyCount "108"]
[EventDate "2020.10.04"]
[EventType "swiss"]
[EventRounds "9"]
[EventCountry "NOR"]
[SourceTitle "EXT 2024"]
[Source "ChessBase"]
[SourceDate "2023.10.10"]
[SourceVersion "1"]
[SourceVersionDate "2023.10.10"]
[SourceQuality "1"]

1. e4 c5 2. Nf3 e6 3. d4 cxd4 4. Nxd4 Nc6 5. Nc3 Qc7 6. a3 a6 7. Be3 b5 8. g3 Bb7 9. Bg2 Nf6 10. 0-0 b4 11. axb4 Bxb4 12. Na4 0-0 13. c3 Be7 14. Nb3 Ne5 15. Nd2 d5 16. f4 Neg4 17. Bb6 Qc6 18. exd5 exd5 19. Nb3 Qd7 20. Na5 Rab8 21. Nxb7 Rxb7 22. b4 Rc8 23. Bd4 Qb5 24. Re1 Nh6 25. Bf1 Qc6 26. Nb2 Ra8 27. Qe2 Nf5 28. Rxa6 Rxa6 29. Qxa6 Nxd4 30. Qa8+ Bf8 31. cxd4 Qb6 32. Kh1 Rb8 33. Qa4 Bxb4 34. Rd1 Bc3 35. Nd3 Qxd4 36. Qxd4 Bxd4 37. Ne5 Bxe5 38. fxe5 Ng4 39. Rxd5 Ne3 40. Rd3 Nxf1 41. Kg2 Nxh2 42. Kxh2 Kf8 43. Kg2 Rb5 44. Re3 Ke7 45. Kf3 Ke6 46. Kf4 h6 47. Re4 Rc5 48. Ra4 g5+ 49. Kg4 Kxe5 50. Kh5 Rc6 51. g4 Re6 52. Ra5+ Kd6 53. Rf5 Ke7 54. Rxf7+ Kxf7 1/2-1/2

[Event "Fagernes op"]
[Site "Fagernes"]
[Date "2020.10.06"]
[Round "1"]
[White "Melkevik, Johannes"]
[Black "Stolp, Aleksander"]
[Result "1-0"]
[WhiteElo "1858"]
[BlackElo "1580"]
[PlyCount "73"]
[EventDate "2020.10.04"]
[EventType "swiss"]
[EventRounds "9"]
[EventCountry "NOR"]
[SourceTitle "EXT 2024"]
[Source "ChessBase"]
[SourceDate "2023.10.10"]
[SourceVersion "1"]
[SourceVersionDate "2023.10.10"]
[SourceQuality "1"]

1. d4 d5 2. Nf3 Nf6 3. g3 Bf5 4. Bg2 e6 5. 0-0 Bd6 6. c4 c6 7. Nc3 h6 8. Nd2 Nbd7 9. e4 dxe4 10. Ndxe4 Nxe4 11. Nxe4 Be7 12. h3 0-0 13. Be3 Nf6 14. Nc3 Qc7 15. Qe2 Rad8 16. Rfd1 Rfe8 17. Rac1 Bf8 18. f4 Bg6 19. Qf2 h5 20. d5 exd5 21. cxd5 c5 22. f5 Bh7 23. Rf1 b6 24. Rcd1 Qe5 25. Rde1 Qc7 26. Bf4 Qd7 27. Be5 Be7 28. Qf4 Rf8 29. g4 hxg4 30. hxg4 b5 31. g5 Ne8 32. f6 gxf6 33. gxf6 Bd6 34. Bxd6 Nxd6 35. Qg5+ Bg6 36. Qh6 Nf5 37. Rxf5 1-0

[Event "Calvia Amateur op 16th"]
[Site "Calvia"]
[Date "2019.10.11"]
[Round "7"]
[White "Melkevik, Johannes"]
[Black "Driessen Llado, Pedro"]
[Result "1-0"]
[WhiteElo "1904"]
[BlackElo "1636"]
[PlyCount "43"]
[EventDate "2019.10.05"]
[EventType "swiss"]
[EventRounds "9"]
[EventCountry "ESP"]
[SourceTitle "CBM 192 Extra"]
[Source "Chessbase"]
[SourceDate "2019.11.06"]
[SourceVersion "1"]
[SourceVersionDate "2019.11.06"]
[SourceQuality "1"]

1. d4 e6 2. e4 d5 3. Nd2 Nf6 4. e5 Nfd7 5. Bd3 c5 6. c3 Nc6 7. Ne2 Qb6 8. Nf3 cxd4 9. cxd4 Be7 10. 0-0 f6 11. exf6 gxf6 12. Nf4 Nf8 13. a3 Bd7 14. Re1 0-0-0 15. b4 Kb8 16. b5 Na5 17. Nxd5 exd5 18. Rxe7 Bg4 19. Bf4+ Ka8 20. Bc7 Bxf3 21. Bxb6 Bxd1 22. Bxd8 1-0

[Event "Wch Seniors 50 28th"]
[Site "Bled"]
[Date "2018.11.28"]
[Round "10"]
[White "Smith, Peter R"]
[Black "Melkevik, Johannes"]
[Result "1/2-1/2"]
[WhiteElo "2049"]
[BlackElo "1865"]
[PlyCount "93"]
[EventDate "2018.11.18"]
[EventType "swiss"]
[EventRounds "11"]
[EventCountry "SLO"]
[SourceTitle "CBM 187 Extra"]
[Source "ChessBase"]
[SourceDate "2018.11.04"]
[SourceVersion "1"]
[SourceVersionDate "2018.11.04"]
[SourceQuality "1"]

1. e4 e6 2. d3 d5 3. Nd2 Nf6 4. Ngf3 c5 5. g3 Be7 6. Bg2 Nc6 7. 0-0 b6 8. Re1 Bb7 9. e5 Nd7 10. Nf1 g5 11. c3 g4 12. N3d2 Ndxe5 13. d4 Nd3 14. Re3 Nxc1 15. Rxc1 h5 16. f3 Rg8 17. Qc2 Rg6 18. f4 cxd4 19. cxd4 Nxd4 20. Qa4+ Nc6 21. Re5 Rh6 22. Nb3 Qd7 23. Re2 Nb4 24. Qxd7+ Kxd7 25. a3 Nd3 26. Rc3 Nc5 27. Nxc5+ bxc5 28. Nd2 c4 29. Nxc4 Bc5+ 30. Kh1 Bd4 31. Ne5+ Bxe5 32. Rxe5 f6 33. Re1 Rhh8 34. f5 exf5 35. Rd3 Rhe8 36. Rxe8 Rxe8 37. Bxd5 Bxd5+ 38. Rxd5+ Kc6 39. Rxf5 Re1+ 40. Kg2 Re2+ 41. Kg1 Rxb2 42. Rxf6+ Kb7 43. Rf5 Ra2 44. Rxh5 Rxa3 45. Rb5+ Kc6 46. Rb4 Ra1+ 47. Kg2 1/2-1/2

[Event "Wch Seniors 50 28th"]
[Site "Bled"]
[Date "2018.11.23"]
[Round "6"]
[White "De Meester, Johan"]
[Black "Melkevik, Johannes"]
[Result "0-1"]
[WhiteElo "1720"]
[BlackElo "1865"]
[PlyCount "66"]
[EventDate "2018.11.18"]
[EventType "swiss"]
[EventRounds "11"]
[EventCountry "SLO"]
[SourceTitle "CBM 187 Extra"]
[Source "ChessBase"]
[SourceDate "2018.11.04"]
[SourceVersion "1"]
[SourceVersionDate "2018.11.04"]
[SourceQuality "1"]

1. e4 e6 2. Nf3 d5 3. exd5 exd5 4. d4 Bd6 5. Bd3 Ne7 6. Nbd2 0-0 7. Nf1 Bf5 8. Ng3 Bxd3 9. Qxd3 Nd7 10. Bg5 f6 11. Bd2 c6 12. 0-0-0 Re8 13. h4 Nf8 14. h5 Qd7 15. Ne2 Qf5 16. Qxf5 Nxf5 17. Nf4 Re4 18. g3 Bxf4 19. Bxf4 Ne6 20. Bd2 Nexd4 21. Nxd4 Nxd4 22. h6 g6 23. Be3 Nf5 24. Bf4 Rae8 25. f3 Re2 26. g4 Ne3 27. Rd2 Nc4 28. Rxe2 Rxe2 29. Kd1 Rf2 30. Re1 Nxb2+ 31. Kc1 Nc4 32. Re8+ Kf7 33. Rh8 Rf1# 0-1

[Event "Wch Seniors 50 28th"]
[Site "Bled"]
[Date "2018.11.21"]
[Round "4"]
[White "Melkevik, Johannes"]
[Black "Malinovsky, Petr"]
[Result "0-1"]
[WhiteElo "1865"]
[BlackElo "2048"]
[PlyCount "50"]
[EventDate "2018.11.18"]
[EventType "swiss"]
[EventRounds "11"]
[EventCountry "SLO"]
[SourceTitle "CBM 187 Extra"]
[Source "ChessBase"]
[SourceDate "2018.11.04"]
[SourceVersion "1"]
[SourceVersionDate "2018.11.04"]
[SourceQuality "1"]

1. d4 d5 2. Bf4 e6 3. e3 Bd6 4. Bg3 Ne7 5. Bd3 Nf5 6. Nf3 Nxg3 7. hxg3 h6 8. Nbd2 Nd7 9. e4 dxe4 10. Nxe4 Nf6 11. Qe2 Bd7 12. Ne5 Qe7 13. 0-0-0 0-0-0 14. Kb1 Nd5 15. f4 Bxe5 16. dxe5 Qb4 17. Qf2 Qb6 18. Qxb6 axb6 19. a3 Bc6 20. Rhe1 Rd7 21. c4 Ne7 22. Bc2 Rhd8 23. Kc1 Nf5 24. g4 Nd4 25. Bd3 Ba4 0-1

[Event "Stavanger op"]
[Site "Stavanger"]
[Date "2018.10.10"]
[Round "1"]
[White "Quparadze, Giga"]
[Black "Melkevik, Johannes"]
[Result "1-0"]
[WhiteElo "2495"]
[BlackElo "1841"]
[PlyCount "79"]
[EventDate "2018.10.10"]
[EventType "swiss"]
[EventRounds "9"]
[EventCountry "NOR"]
[SourceTitle "CBM 186 Extra"]
[Source "ChessBase"]
[SourceDate "2018.08.24"]
[SourceVersion "1"]
[SourceVersionDate "2018.08.24"]
[SourceQuality "1"]

1. e4 e6 2. d4 d5 3. Nd2 Nf6 4. e5 Nfd7 5. f4 c5 6. c3 Nc6 7. Ndf3 Qb6 8. a3 a5 9. b3 Be7 10. h4 h5 11. Be3 a4 12. b4 c4 13. Be2 Nf8 14. Ng5 g6 15. Bf2 Bd7 16. g4 hxg4 17. Bxg4 Bxg5 18. fxg5 0-0-0 19. Qf3 Nh7 20. Nh3 Rdf8 21. 0-0-0 Qd8 22. Be3 Ne7 23. h5 gxh5 24. Bxh5 Nf5 25. Bd2 Nh4 26. Qf2 Ng6 27. Rdf1 Be8 28. Bd1 Rfg8 29. Bc2 Nhf8 30. Qg3 Rh5 31. Rhg1 Nh4 32. Qg4 Rhh8 33. Nf4 Nhg6 34. Nh5 Nxe5 35. dxe5 f5 36. exf6 Bxh5 37. Qd4 Qd7 38. Qc5+ Qc7 39. Qxc7+ Kxc7 40. f7 1-0

[Event "Stavanger op"]
[Site "Stavanger"]
[Date "2017.10.13"]
[Round "5"]
[White "Lund, Gunnar"]
[Black "Melkevik, Johannes"]
[Result "1/2-1/2"]
[WhiteElo "2236"]
[BlackElo "1836"]
[PlyCount "54"]
[EventDate "2017.10.11"]
[EventType "swiss"]
[EventRounds "9"]
[EventCountry "NOR"]
[SourceTitle "CBM 181 Extra"]
[Source "ChessBase"]
[SourceDate "2017.12.12"]
[SourceVersion "1"]
[SourceVersionDate "2017.12.12"]
[SourceQuality "1"]

1. e4 e6 2. d4 d5 3. Nc3 Bb4 4. exd5 exd5 5. Bd3 Nf6 6. Nf3 Bg4 7. 0-0 0-0 8. h3 Bh5 9. g4 Bg6 10. Ne5 Bxd3 11. Qxd3 c6 12. Bg5 Be7 13. Ne2 Nxg4 14. hxg4 Bxg5 15. Kg2 f6 16. Nf3 Qd7 17. Nh2 f5 18. f4 Be7 19. g5 Bd6 20. a4 Na6 21. Nf3 Nc7 22. b4 Ne6 23. Ne5 Bxe5 24. dxe5 Rac8 25. c4 Rcd8 26. Rfd1 Qe7 27. c5 b6 1/2-1/2